MARC details
| 000 -LEADER |
| fixed length control field |
01153nam a2200301 i 4500 |
| 003 - CONTROL NUMBER IDENTIFIER |
| control field |
TR-AnTOB |
| 005 - DATE AND TIME OF LATEST TRANSACTION |
| control field |
20230516124845.0 |
| 008 - FIXED-LENGTH DATA ELEMENTS--GENERAL INFORMATION |
| fixed length control field |
220218s2001 tu |||| |||| 00| 0 tur d |
| 040 ## - CATALOGING SOURCE |
| Original cataloging agency |
TR-AnTOB |
| Language of cataloging |
eng |
| Description conventions |
rda |
| Transcribing agency |
TR-AnTOB |
| 041 0# - LANGUAGE CODE |
| Language code of text/sound track or separate title |
Türkçe |
| 050 #4 - LIBRARY OF CONGRESS CALL NUMBER |
| Classification number |
HD9016.T92 |
| Item number |
T87 2001 |
| 090 ## - LOCALLY ASSIGNED LC-TYPE CALL NUMBER (OCLC); LOCAL CALL NUMBER (RLIN) |
| Classification number (OCLC) (R) ; Classification number, CALL (RLIN) (NR) |
HD9016.T92 |
| Local cutter number (OCLC) ; Book number/undivided call number, CALL (RLIN) |
T87 2001 |
| 245 10 - TITLE STATEMENT |
| Title |
Türkiye'de meyve ve sebze işleme sanayinin Avrupa Birliği piyasasında sürdürülebilir rekabet gücü açısından değerlendirilmesi/ |
| Statement of responsibility, etc. |
Sedef Akgüngör, Funda Barbaros, Neşe Kumral. |
| 264 #1 - PRODUCTION, PUBLICATION, DISTRIBUTION, MANUFACTURE, AND COPYRIGHT NOTICE |
| Place of production, publication, distribution, manufacture |
Ankara: |
| Name of producer, publisher, distributor, manufacturer |
Tarımsal Ekonomi Araştırma Enstitüsü (TEAE), |
| Date of production, publication, distribution, manufacture, or copyright notice |
2001. |
| 300 ## - PHYSICAL DESCRIPTION |
| Extent |
98 pages ; |
| Dimensions |
24 cm |
| 336 ## - CONTENT TYPE |
| Source |
rdacontent |
| Content type term |
text |
| Content type code |
txt |
| 337 ## - MEDIA TYPE |
| Source |
rdamedia |
| Media type term |
unmediated |
| Media type code |
n |
| 338 ## - CARRIER TYPE |
| Source |
rdacarrier |
| Carrier type term |
volume |
| Carrier type code |
nc |
| 650 #7 - SUBJECT ADDED ENTRY--TOPICAL TERM |
| Topical term or geographic name entry element |
Ürün ticareti |
| Geographic subdivision |
Türkiye |
| Source of heading or term |
etuturkob |
| 9 (RLIN) |
33786 |
|
| Topical term or geographic name entry element |
Meyve ticareti |
| Geographic subdivision |
Türkiye |
| Source of heading or term |
etuturkob |
| 9 (RLIN) |
130473 |
|
| Topical term or geographic name entry element |
Sebze ticareti |
| Geographic subdivision |
Türkiye |
| Source of heading or term |
etuturkob |
| 9 (RLIN) |
130475 |
| 700 1# - ADDED ENTRY--PERSONAL NAME |
| Personal name |
Akgüngör, Sedef |
| Relator term |
author |
| 9 (RLIN) |
66841 |
|
| Personal name |
Barbaros, R. Funda |
| Relator term |
author |
| 9 (RLIN) |
66840 |
|
| Personal name |
Kumral, Neşe |
| Relator term |
author |
| 9 (RLIN) |
66839 |
| 942 ## - ADDED ENTRY ELEMENTS (KOHA) |
| Source of classification or shelving scheme |
Library of Congress Classification |
| Koha item type |
Book |